Estadísticas para Títulos de Canciones Traducidos del Español al Inglés

Haz click aquí para tomar la prueba!

Estadísticas generales

  • Esta prueba ha sido tomada 635 veces
  • La puntuación promedio es 18 de 28

Estadísticas de respuestas

InglésEspañol% Correcto
Merry ChristmasFeliz Navidad
95%
GasolineGasolina
95%
Her and IElla y Yo
93%
It's a SecretEs Un Secreto
92%
ConfessionConfesión
90%
Seventeen Years17 Años
83%
The ImmigrantEl Inmigrante
82%
More Than LoveMás Que Amor
79%
Try ItInténtalo
77%
Take Me With YouLlévame Contigo
76%
Your Body's Calling MeTu Cuerpo Me Llama
76%
Dance With YouBailar Contigo
75%
Give You a KissDarte un Beso
74%
I Love You (Forever)Te Amo (Para Siempre)
74%
Live My LifeVivir Mi Vida
72%
And You GoY Te Vas
67%
I Fell In LoveMe Enamoré
66%
The Sad OneEl Triste
62%
Tell Me If You Go With HimDime Si Te Vas Con Él
59%
Forbidden LoveAmor Prohibido
57%
The CockroachLa Cucaracha
46%
Only YouSolamente Tú
46%
Not One WordNi Una Sola Palabra
33%
You Prefer MeMe Prefieres a Mí
30%
RabidRabiosa
19%
Enough NowBasta Ya
15%
Little Hard HeadCabecita Dura
11%
Today I Desire YouHoy Tengo Ganas de Ti
6%

Distribución de puntuación

Porcentaje por número respondido

Porcentaje de gente con cada puntuación

Historial de tus puntuaciones

No has tomado esta prueba